Eurokód 9. STN 73 1501. EN 1999-1-4/NA : Navrhovanie hliníkových konštrukcií. Časť 1-4: Plošné profily tvarované za studena. Národná príloha. Júm 2011

Guardado en:
Detalles Bibliográficos
Formato: Libro
Lenguaje:inglés
Publicado: Bratislava : Slovenský ústav technickej normalizácie, 2011
Etiquetas: Agregar Etiqueta
Sin Etiquetas, Sea el primero en etiquetar este registro!

MARC

LEADER 00000nam a22000003a 4500
001 stu243622
005 20150408162614.9
008 120222s2011----xo------------------eng-d
040 |a STU  |b slo 
041 0 |a eng 
044 |a xo 
245 |a Eurokód 9. STN 73 1501. EN 1999-1-4/NA :  |b Navrhovanie hliníkových konštrukcií. Časť 1-4: Plošné profily tvarované za studena. Národná príloha. Júm 2011 
260 |a Bratislava :  |b Slovenský ústav technickej normalizácie,  |c 2011 
996 |b 284M080760  |c M*N-1450-1  |l MMKN  |s A  |a 24  |w stu243622_0001